MARC
| LEADER | 00000nam a2200000Ia 4500 | ||
|---|---|---|---|
| 008 | 170316s9999 xx 000 0 und d | ||
| 040 | |a cru BVZT | ||
| 090 | |a 840 K-4p | ||
| 100 | |a Krains, Hubert | ||
| 245 | |a Le pain noir : Roman | ||
| 260 | |a Bruselas, Bélgica | ||
| 260 | |b Labor | ||
| 260 | |c 1989 | ||
| 300 | |a 170 páginas | ||
| 650 | |a LITERATURA FRANCESA | ||
| 650 | |a EN IDIOMA FRANCÉS | ||
| 650 | |a NOVELA | ||
| 999 | |c 7755 |d 7755 | ||
| 942 | |c 15 D |h 840 K-4p |2 z | ||
